Дело о разрешении преподавания в уездных училищах Томской губернии основ латинского и немецкого языков во внеурочное время

Доступно только в Электронных читальных залах Найти на картеНа карте
RUSMARC
00004100nmc2a2200000 x 450
001cf2d2123-df10-4da6-94ee-f5fb93dd60a1
00520151230100338.0
100##$a20150415l18411841k l0rusy0189 ca
1010#$arus
102##$aRU
2001#$aДело о разрешении преподавания в уездных училищах Томской губернии основ латинского и немецкого языков во внеурочное время
$j17 января - 13 февраля 1841 г.
251##$cДело
300##$aДело
300##$aОриг. заголовок дела: Дело о преподавании в уездных училищах Томской дирекции в свободное время начальных оснований латинского и немецкого языков. 8 февраля 1841 г. - 19 февраля 1841 г
801#0$aRU
$bРГИА
$c20150415
$gRCR
801#1$aRU
$bГлавНИВЦ
$c20150415
$2rusmarc
801#2$aRU
$bПБ им. Б.Н. Ельцина
$c20151230
$gRCR
$2rusmarc
850##$aРГИА
852##$aРГИА
$eФедеральное казенное учреждение "Российский государственный исторический архив" (РГИА)
$j225
937##$hРГИА
$d11186682
$aASBIBLIO_SCAN
462#0$10016b115cf4-66a1-48f0-a2d5-310bee1426dd
$12001
$aДела Департамента народного просвещения по Сибирской дирекции училищ за 1829-1846 гг.
$1251
$cОпись
$1852
$j83
461#0$1001a74412a3-3cc5-4d21-8f0a-dfe2fbd9e72d
$12001
$aДепартамент народного просвещения Министерства народного просвещения
$1251
$cФонд
$1852
$j733
215##$a4 л.
$d36,5х26 см
371##$aДокумент не является опубликованным и широко распространяемым
5171#$aДело о преподавании в уездных училищах Томской дирекции в свободное время начальных оснований латинского и немецкого языков. 8 февраля 1841 г. - 19 февраля 1841 г
105##$ay###
1222#$ad
035##$acf2d2123-df10-4da6-94ee-f5fb93dd60a1
Формат отображения